|
|
|
|
| LEADER |
01139nam a2200289 a 4500 |
| 001 |
3357 |
| 003 |
BD-DhAAL |
| 005 |
20150914144726.0 |
| 008 |
950725s1995 ilua s 000 0 eng |
| 010 |
|
|
|a 95182719
|
| 020 |
|
|
|a 0256140243
|
| 020 |
|
|
|a 0256137293
|
| 040 |
|
|
|a DLC
|c DLC
|d DLC
|d BD-DhAA
|
| 050 |
0 |
0 |
|a HC106.8
|b .L45 1995
|
| 082 |
0 |
0 |
|a 330
|2 20
|
| 100 |
1 |
|
|a Lehmann, Michael B.
|9 14655
|
| 245 |
1 |
0 |
|a Real world economic applications :
|b the Wall Street journal workbook /
|c Michael B. Lehmann.
|
| 250 |
|
|
|a 6th ed.
|
| 260 |
|
|
|a Chicago :
|b Irwin,
|c c1997.
|
| 300 |
|
|
|a x, 276 p. :
|b ill. ;
|c 28 cm.
|
| 541 |
|
|
|e 3357
|
| 651 |
|
0 |
|a United States
|x Economic conditions
|y 1981-2001.
|9 14656
|
| 740 |
0 |
|
|a Wall Street journal workbook.
|
| 942 |
|
|
|2 ddc
|c BK
|
| 999 |
|
|
|c 35536
|d 35536
|
| 952 |
|
|
|0 0
|1 0
|2 ddc
|4 0
|6 330_000000000000000_LEH
|7 0
|9 55889
|a SCL
|b SCL
|c GEN
|d 2015-09-14
|e Gift: The Asia Foundation
|l 1
|m 3
|o 330 LEH
|p 3020003357
|r 2025-08-11
|s 2025-07-04
|t 1
|w 2015-09-14
|y BK
|
| 952 |
|
|
|0 0
|1 0
|2 ddc
|4 0
|6 330_000000000000000_LEH
|7 0
|9 55890
|a SCL
|b SCL
|c GEN
|d 2015-09-14
|e Gift: The Asia Foundation
|l 0
|o 330 LEH
|p 3020003358
|r 2025-08-11
|t 2
|w 2015-09-14
|y BK
|